Taylor Swift song by initials - Statistics

General Stats
  • This quiz has been taken 667 times
  • The average score is 16 of 30
Answer Stats
Hint Answer % Correct
LWYMMD Look what you made me do
92%
OOTW Out of the Woods
80%
YNTCD You need to calm down
79%
ITHK I Think He Knows
76%
TIWWCHNT This is Why we can't have nice things
73%
IKYWT I knew You were Trouble
72%
WANEGBT We Are never ever getting back together
71%
DBATC Death By a Thousand Cuts
67%
F Fearless
65%
WTNY Welcome to New York
65%
CS Cruel Summer
60%
IDSB I did Something Bad
60%
LS Love Story
59%
D Delicate
56%
IDWLF I don't wanna Live forever
56%
M Me
56%
BS Blank Space
54%
IFYE I Forgot you existed
50%
EHC Everything has Changed
40%
RFI Ready for it
39%
C Cardigan
37%
SIO Shake It Off
36%
S Style
36%
CS Cornelia Street
33%
E Exile
33%
SF Sparks Fly
32%
LB London boy
30%
TOMG Teardrops on my Guitar
29%
CP Champagne Problems
22%
SAS Safe and Sound
22%
No matching quizzes found
Score Distribution
Percent of People with Each Score
Percentile by Number Answered
Your Score History
You have not taken this quiz